|
|
|
|
| LEADER |
01884nam a2200433 i 4500 |
| 001 |
EBC4935577 |
| 003 |
MiAaPQ |
| 005 |
20191228204739.0 |
| 006 |
m o d | |
| 007 |
cr cnu|||||||| |
| 008 |
191228s2017 nyu o 001 0 eng d |
| 020 |
|
|
|z 9781631579462
|
| 020 |
|
|
|a 9781631579479
|q (electronic bk.)
|
| 035 |
|
|
|a (MiAaPQ)EBC4935577
|
| 035 |
|
|
|a (Au-PeEL)EBL4935577
|
| 035 |
|
|
|a (CaPaEBR)ebr11420761
|
| 035 |
|
|
|a (OCoLC)1000453014
|
| 040 |
|
|
|a MiAaPQ
|b eng
|e rda
|e pn
|c MiAaPQ
|d MiAaPQ
|
| 050 |
|
4 |
|a HF5548.4.M523
|b .M536 2017
|
| 082 |
0 |
|
|a 005.369
|2 23
|
| 100 |
1 |
|
|a Mian, M. A.,
|e author.
|
| 245 |
1 |
0 |
|a Tips & tricks for Excel-based financial modeling.
|n Volume I :
|b a must for engineers & financial analysts /
|c M. A. Mian.
|
| 250 |
|
|
|a First edition.
|
| 264 |
|
1 |
|a New York, NY :
|b Business Expert Press,
|c 2017.
|
| 300 |
|
|
|a 1 online resource (160 pages).
|
| 336 |
|
|
|a text
|b txt
|2 rdacontent
|
| 337 |
|
|
|a computer
|b c
|2 rdamedia
|
| 338 |
|
|
|a online resource
|b cr
|2 rdacarrier
|
| 490 |
1 |
|
|a Finance and Financial Management Collection
|
| 500 |
|
|
|a Includes index.
|
| 588 |
|
|
|a Description based on print version record.
|
| 590 |
|
|
|a Electronic reproduction. Ann Arbor, MI : ProQuest, 2018. Available via World Wide Web. Access may be limited to ProQuest affiliated libraries.
|
| 630 |
0 |
0 |
|a Microsoft Excel (Computer file)
|
| 650 |
|
0 |
|a Business enterprises
|x Finance
|x Data processing.
|
| 655 |
|
4 |
|a Electronic books.
|
| 776 |
0 |
8 |
|i Print version:
|a Mian, M. A.
|t Tips & tricks for Excel-based financial modeling. Volume I.
|b First edition.
|d New York, NY : Business Expert Press, 2017
|h 160 pages
|k Finance and financial management collection.
|z 9781631579462
|
| 797 |
2 |
|
|a ProQuest (Firm)
|
| 830 |
|
0 |
|a Finance and financial management collection.
|
| 856 |
4 |
0 |
|u https://ebookcentral.proquest.com/lib/matrademy/detail.action?docID=4935577
|z Click to View
|